[Event "2. London Chess Classic"]
[Site "Londres ENG"]
[Date "2010.12.11"]
[Round "4.3"]
[White "Short, Nigel D"]
[Black "Anand, Viswanathan"]
[Result "0-1"]
[WhiteElo "2680"]
[BlackElo "2804"]
[PlyCount "86"]
[EventDate "2010.12.08"]
[EventType "tourn"]
[EventRounds "7"]
[EventCountry "ENG"]
[EventCategory "19"]
[Source "lmi"]
[SourceDate "2010.12.08"]

1. e4 c5 2. Nc3 d6 3. f4 Nc6 4. Nf3 g6 5. Be2 Bg7 6. O-O Nf6 7. Qe1 O-O 8. d3
e6 9. Kh1 b6 10. Bd2 Bb7 11. Qh4 Ne8 12. Qh3 Nd4 13. Nxd4 cxd4 14. Nd1 f5 15.
c4 dxc3 16. Nxc3 Qd7 17. Rae1 Nc7 18. Bf3 Rab8 19. exf5 exf5 20. Bxb7 Rxb7 21.
Qf3 d5 22. Rf2 Rbb8 23. Rfe2 Rf7 24. a3 d4 25. Nd1 Qd5 26. Qg3 Rff8 27. h4 Rfe8
28. h5 gxh5 29. Re7 Rxe7 30. Rxe7 Ne6 31. Rxa7 Kh8 32. Nf2 Bf6 33. Nh3 h4 34.
Qf2 h6 35. Ng5 Nxg5 36. fxg5 hxg5 37. Bxg5 Bxg5 38. Qe2 Qd6 39. Qh5+ Qh6 40.
Qf3 Rc8 41. Qxf5 Rc1+ 42. Kh2 Qd6+ 43. Kh3 Qg3# 0-1